000 00335 a2200145 4500
001 179575
020 _a
040 _cMagnum
100 _aBirchal, Ydernea
240 1 0 _a... assim comeca tudo outra vez
_lpor
245 1 0 _a... assim comeca tudo outra vez
362 0 _a1899
697 _aMAGNITO: IJ/FADAS, FANTASIA
942 _cBK
999 _c179575
_d179575